000 01200cam a2200349 4500
001 WB3908-17
008 030226n2003 000 0 eng u
035 _a(Sirsi) u121424
245 _aEuropean house inflation slows
260 _c2003
490 _aRICS Press Release
_v(pr011) 26 February 2003 (2)
520 _aRICS has published the latest "European housing market review" which reports that with the exception of Spain, Greece and the UK, many European countries have seen house price growth slow down. It also highlights that Europeans are becoming more likely to own their own homes and the rented sector is shrinking. Graph. http://www.rics.org/ricscms/bin/show?class=PressRelease&template=/includes/showpr.html&id=872&faculty=RICS
590 _aWB
650 _aEUROPE
650 _aMORTGAGES
650 _aHOUSE BUILDING
650 _aAUSTRIA
650 _aBELGIUM
650 _aDENMARK
650 _aFINLAND
650 _aFRANCE
650 _aGERMANY
650 _aGREECE
650 _aIRELAND
650 _aNETHERLANDS
650 _aSPAIN
650 _aSWEDEN
650 _aSWITZERLAND
650 _aUNITED KINGDOM
690 _aHOUSING
942 _n0
999 _c72152
_d72152